La liquidacin̤ de cargas en el proceso de ejecucin̤ civil /

Detalles Bibliográficos
Autor principal: Sabater Sabat,̌ Josep Mara̕
Otros Autores: Pic ̤i Junoy, Joan (pr.)
Formato: Libro
Lenguaje:español
Publicado: Barcelona : J. M. Bosch, 2013.
Materias:
Acceso en línea:Acceso restringido

MARC

LEADER 00000cam a2200000 i 4500
005 20131224130549.0
007 cr|||| ||||
008 130717s2013 sp 00||0 spa d
020 |a 9788494130434 
035 |a 11722 
040 |a UGR  |d BUS  |d vLex 
090 |c 4654  |d 4654 
100 1 |a Sabater Sabat,̌ Josep Mara̕. 
245 1 3 |a La liquidacin̤ de cargas en el proceso de ejecucin̤ civil /  |h [Recurso electrn̤ico]  |c Josep Mar ̕Sabater Sabat ̌; prl̤ogo Joan Pic ̤i Junoy. 
256 |a Servicio en ln̕ea 
260 |a Barcelona :  |b J. M. Bosch,  |c 2013. 
300 |a 1 recurso electrn̤ico 
506 1 |a Contenido solo disponible en los productos indicados  |d vLex Global  |d vLex Global (Academic Edition, excluding Law Schools)  |d vLex Global (U.S. Academic Edition, Law Schools)  |d vLex Global (U.S. Academic Edition, excluding Law Schools)  |d vLex Global (Academic Edition, Law Schools) 
650 0 4 |a Procedimiento civil -  |z Espaą. 
700 1 |a Pic ̤i Junoy, Joan,  |e pr. 
740 0 |a vLex Libros (Servicio en ln̕ea) 
856 4 0 |u http://vlex.com/source/liquidacion-de-cargas-en-el-proceso-de-ejecucion-civil-11722  |z Acceso restringido 
942 |c BOOK 
999 0 |a Civil procedure